00258nam a2200109Ia 4500008004100000100000900041245003600050260002600086650001200112942000700124999001700131190216s9999||||xx |||||||||||||| ||und|| aNull 0aLenin Selected Works Vol I To V bForeign Languages Pub aHistory cBK c18803d18803